Ngọc Tân, ngày biển gọi

Tập sách nhỏ này được xuất bản để tưởng nhớ đến Ngọc Tân, một nghệ sĩ đã từng làm cho chúng ta có những giây phút si mê, lại cũng có lúc lỗi lầm khiến chúng ta phải buồn rầu và tha thứ. Nhưng trên hết vẫn là một tiếng hát tuyệt v...

ver descrição completa

Na minha lista:
Detalhes bibliográficos
Autor Corporativo: Nhiều Tác giả
Formato: Livro
Idioma:Undetermined
Publicado em: Hà Nội Âm nhạc 2005
Assuntos:
Tags: Adicionar Tag
Sem tags, seja o primeiro a adicionar uma tag!
Thư viện lưu trữ: Trung tâm Học liệu Trường Đại học Cần Thơ
LEADER 01035nam a2200205Ia 4500
001 CTU_91674
008 210402s9999 xx 000 0 und d
020 |c 20000 
082 |a 780.92 
082 |b Ng419 
110 |a Nhiều Tác giả 
245 0 |a Ngọc Tân, ngày biển gọi 
260 |a Hà Nội 
260 |b Âm nhạc 
260 |c 2005 
520 |a Tập sách nhỏ này được xuất bản để tưởng nhớ đến Ngọc Tân, một nghệ sĩ đã từng làm cho chúng ta có những giây phút si mê, lại cũng có lúc lỗi lầm khiến chúng ta phải buồn rầu và tha thứ. Nhưng trên hết vẫn là một tiếng hát tuyệt vời đã từng góp phần chắp cánh cho chúng ta trên những chặng đường đời gần 30 năm qua... 
650 |a Musicians 
650 |x Biographymusicians 
904 |i Trúc 
980 |a Trung tâm Học liệu Trường Đại học Cần Thơ